Del present i del pròxim avenir : oda a la Federació Neo-llatina Mediterránea, a la Federació Europea i a la pau : text en cinquanta llengües / Joaquim Cases-Carbó oda a la Federació Neo-llatina Mediterránea, a la Federació Europea i a la pau :
Descripción Física:
XL, 258 p. ; 20 cm
MARC
| LEADER | 00000nam a2200000Ia 4500 | ||
|---|---|---|---|
| 001 | 13938 | ||
| 008 | 160829s1935 xx 000 0 cat d | ||
| 080 | |a M-4-75 | ||
| 100 | 1 | |a Cases-Carbó, Joaquim, |d 1858-1943 |9 24314 | |
| 245 | |a Del present i del pròxim avenir : |b oda a la Federació Neo-llatina Mediterránea, a la Federació Europea i a la pau : |b text en cinquanta llengües / Joaquim Cases-Carbó | ||
| 260 | |a Barcelona : |b Catalònia, |c 1935 | ||
| 300 | |a XL, 258 p. ; |c 20 cm | ||
| 590 | |a Avant-títol: Un llibre europeu?. | ||
| 590 | |a Text multilingüe | ||
| 650 | |a Pau |9 49353 | ||
| 650 | 0 | |a Nacionalisme |x Europa |9 24313 | |
| 650 | 0 | |a Nacionalisme |z Catalunya |9 11008 | |
| 901 | |a Arxiu | ||
| 942 | |n 1 | ||
| 952 | |0 0 |1 0 |4 0 |6 M475 |7 1 |9 43076 |a Arxiu |b Arxiu |d 2016-12-01 |l 0 |o M-4-75 |p 13938 |r 2016-12-01 00:00:00 |w 2016-12-01 |y ARXIU | ||
| 999 | |c 45620 |d 45620 | ||